Über Legaldefinitionen. Rechtshistor. Studie z. Entwicklung d. Gesetzgebungstechnik in Deutschland, insbes. über d. Verhältnis von Rechtsetzung u. Rechtsdarst

-д хадгалсан:
Номзүйн дэлгэрэнгүй
Үндсэн зохиолч: Ebel, Friedrich (autor)
Формат: Ном
Хэвлэсэн: Berlin, Deutschland: Duncker & Humblot, 1974.
Цуврал:Schriften zur Rechtsgeschichte,
Нөхцлүүд:
Шошгууд: Шошго нэмэх
Шошго байхгүй, Энэхүү баримтыг шошголох эхний хүн болох!

MARC

LEADER 00000nam a22000007a 4500
003 CL-VaPUC
005 20220822114826.0
008 220805t1974 ||||| |||| 00| 0 eng d
999 |c 438049  |d 438047 
020 |a 3-428-03092-3 
040 |c Pontificia Universidad Católica de Valparaíso 
082 7 |a 349.43014 EBE 1974  |2 22 
100 1 |a Ebel, Friedrich  |e autor  |9 874944 
245 |a Über Legaldefinitionen.  |b Rechtshistor. Studie z. Entwicklung d. Gesetzgebungstechnik in Deutschland, insbes. über d. Verhältnis von Rechtsetzung u. Rechtsdarst 
260 |a Berlin, Deutschland:  |b Duncker & Humblot,   |c 1974. 
300 |a 192 páginas.  
490 |a Schriften zur Rechtsgeschichte,   |n  6. 
500 |a c.1 Donación Familia Prof. Alejandro Guzmán Brito. 
583 |c 20220805  |k Cristina María Rojas Aguilar 
650 |a Derecho   |z Alemania  |x Idioma  |9 874945 
650 |a Proyectos de ley  |x Redacción   |z Alemania  |x Historia   |9 874946 
942 |2 ddc  |c BK  |n 0 
952 |0 0  |1 0  |2 ddc  |4 0  |6 349_430140000000000_EBE_1974  |7 0  |8 C_AGB  |9 585923  |a BIBDER  |b BIBDER  |d 2022-08-05  |e Donación   |i 5653862  |o 349.43014 EBE 1974  |p 5653862  |r 2023-01-25  |t 1  |w 2022-08-05  |y BK_US  |k AGB